| 000 | 00400nam a2200109Ia 4500 | ||
|---|---|---|---|
| 008 | 170221s9999 xx 000 0 und d | ||
| 100 | _aVaishali Khatri | ||
| 245 | _aFollowing an International Copyright Regime at a Large National Cost: Is It Worth It? | ||
| 245 | _cVaishali Khatri | ||
| 650 | _xBusiness | ||
| 856 | _uhttp://digitalcommons.pepperdine.edu/cgi/viewcontent.cgi?article=1089&context=jbel | ||
| 999 |
_c307638 _d307638 |
||